[Event "Deutsche Ländermeisterschaft 2021"]
[Site "Neumünster GER"]
[Date "2021.10.05"]
[Round "6"]
[White "Yue, Qizhou"]
[Black "Chugunov, Ivan"]
[Result "1/2-1/2"]
[Termination "normal"]
[Board "6.5"]
[WhiteElo "1842"]
[BlackElo "1515"]
[WhiteClock "00:05:34"]
[BlackClock "01:01:08"]
[WhiteTeam "Rheinland-Pfalz"]
[BlackTeam "Württemberg"]
[PlyCount "78"]
[WhiteFideId "16273800"]
[BlackFideId "16256808"]
[EventCountry "GER"]
[EventRounds "7"]
[EventType "team-swiss"]
[EventDate "2021.10.01"]

1. e4 {[%clk 1:30:56]} c5 {[%clk 1:30:45]} 2. Nc3 {[%clk 1:29:57]} e6 {[%clk
1:30:34]} 3. Nf3 {[%clk 1:24:29]} Nc6 {[%clk 1:30:28]} 4. d4 {[%clk 1:24:23]}
cxd4 {[%clk 1:30:35]} 5. Nxd4 {[%clk 1:24:48]} Qc7 {[%clk 1:30:43]} 6. Be3
{[%clk 1:23:13]} a6 {[%clk 1:30:14]} 7. Be2 {[%clk 1:20:41]} Nf6 {[%clk
1:29:59]} 8. O-O {[%clk 1:16:52]} b5 {[%clk 1:28:47]} 9. a3 {[%clk 1:16:30]}
Be7 {[%clk 1:27:05]} 10. Kh1 {[%clk 1:15:24]} Bb7 {[%clk 1:26:22]} 11. f3
{[%clk 1:10:20]} O-O {[%clk 1:25:20]} 12. Nxc6 {[%clk 1:08:51]} Bxc6 {[%clk
1:23:49]} 13. Qd2 {[%clk 1:05:20]} Rfd8 {[%clk 1:23:05]} 14. Bd3 {[%clk
1:02:21]} d5 {[%clk 1:22:30]} 15. exd5 {[%clk 1:02:07]} Nxd5 {[%clk 1:21:54]}
16. Nxd5 {[%clk 0:52:02]} Bxd5 {[%clk 1:21:21]} 17. Qf2 {[%clk 0:49:15]} Rab8
{[%clk 1:17:24]} 18. Rfe1 {[%clk 0:41:20]} Bf6 {[%clk 1:16:29]} 19. Bd4 {[%clk
0:32:29]} Bxd4 {[%clk 1:13:48]} 20. Qxd4 {[%clk 0:32:51]} Bc4 {[%clk 1:13:27]}
21. Qc3 {[%clk 0:31:53]} Rbc8 {[%clk 1:13:03]} 22. Bxc4 {[%clk 0:26:15]} Qxc4
{[%clk 1:12:13]} 23. Qxc4 {[%clk 0:26:16]} Rxc4 {[%clk 1:12:08]} 24. c3 {[%clk
0:25:57]} Rc5 {[%clk 1:11:54]} 25. Rad1 {[%clk 0:24:02]} Rcd5 {[%clk 1:11:32]}
26. Rxd5 {[%clk 0:22:54]} Rxd5 {[%clk 1:11:46]} 27. Kg1 {[%clk 0:22:17]} Rd2
{[%clk 1:11:42]} 28. Rb1 {[%clk 0:20:42]} Kf8 {[%clk 1:11:25]} 29. a4 {[%clk
0:18:53]} bxa4 {[%clk 1:08:50]} 30. Ra1 {[%clk 0:18:11]} Rxb2 {[%clk 1:08:45]}
31. Rxa4 {[%clk 0:18:31]} Rc2 {[%clk 1:06:33]} 32. Rxa6 {[%clk 0:17:28]} Rxc3
{[%clk 1:06:45]} 33. Kf2 {[%clk 0:16:14]} Ke7 {[%clk 1:06:43]} 34. Kg3 {[%clk
0:15:28]} Rc2 {[%clk 1:05:46]} 35. h4 {[%clk 0:14:04]} f5 {[%clk 1:04:36]} 36.
f4 {[%clk 0:10:53]} Rd2 {[%clk 1:03:40]} 37. Kf3 {[%clk 0:07:36]} Kf6 {[%clk
1:02:14]} 38. Kg3 {[%clk 0:05:38]} g6 {[%clk 1:01:26]} 39. Ra7 {[%clk 0:05:34]}
h5 {[%clk 1:01:08]} 1/2-1/2

[Event "Deutsche Ländermeisterschaft 2021"]
[Site "Neumünster GER"]
[Date "2021.10.05"]
[Round "6"]
[White "Müller, Riyanna"]
[Black "Dohon, Maria-Johanna"]
[Result "1/2-1/2"]
[Termination "normal"]
[Board "6.7"]
[WhiteElo "1505"]
[BlackElo "1521"]
[WhiteClock "00:21:44"]
[BlackClock "00:22:26"]
[WhiteTeam "Rheinland-Pfalz"]
[BlackTeam "Württemberg"]
[PlyCount "98"]
[WhiteFideId "16287401"]
[BlackFideId "34600957"]
[EventCountry "GER"]
[EventRounds "7"]
[EventType "team-swiss"]
[EventDate "2021.10.01"]

1. e4 {[%clk 1:30:57]} c5 {[%clk 1:30:55]} 2. c3 {[%clk 1:31:12]} Nf6 {[%clk
1:31:18]} 3. e5 {[%clk 1:31:28]} Nd5 {[%clk 1:31:39]} 4. d4 {[%clk 1:31:38]}
cxd4 {[%clk 1:31:17]} 5. Nf3 {[%clk 1:31:31]} Nc6 {[%clk 1:28:48]} 6. cxd4
{[%clk 1:31:15]} d6 {[%clk 1:26:26]} 7. Bc4 {[%clk 1:30:46]} Nb6 {[%clk
1:20:29]} 8. Bb3 {[%clk 1:28:46]} dxe5 {[%clk 1:14:10]} 9. Nxe5 {[%clk
1:25:32]} Nxe5 {[%clk 1:12:28]} 10. dxe5 {[%clk 1:25:29]} Qxd1+ {[%clk
1:10:49]} 11. Bxd1 {[%clk 1:21:37]} Bf5 {[%clk 1:07:26]} 12. Nc3 {[%clk
1:15:12]} a6 {[%clk 1:02:10]} 13. Be2 {[%clk 1:09:18]} Rc8 {[%clk 1:00:06]} 14.
O-O {[%clk 1:05:07]} e6 {[%clk 0:59:09]} 15. Rd1 {[%clk 0:58:37]} Be7 {[%clk
0:55:33]} 16. Bf3 {[%clk 0:53:10]} Rc7 {[%clk 0:51:14]} 17. Ne4 {[%clk
0:44:32]} Bxe4 {[%clk 0:49:08]} 18. Bxe4 {[%clk 0:44:46]} O-O {[%clk 0:47:32]}
19. b3 {[%clk 0:43:06]} Nd7 {[%clk 0:44:54]} 20. Bb2 {[%clk 0:41:50]} Nc5
{[%clk 0:42:59]} 21. Bf3 {[%clk 0:40:48]} Nd7 {[%clk 0:29:26]} 22. Rac1 {[%clk
0:38:12]} Rfc8 {[%clk 0:24:51]} 23. Bxb7 {[%clk 0:35:06]} Rxc1 {[%clk 0:23:32]}
24. Bxc1 {[%clk 0:34:32]} Rc2 {[%clk 0:17:42]} 25. Be4 {[%clk 0:29:46]} Rc7
{[%clk 0:16:21]} 26. Bb2 {[%clk 0:27:41]} f5 {[%clk 0:12:19]} 27. Bd3 {[%clk
0:24:36]} a5 {[%clk 0:10:11]} 28. Bc4 {[%clk 0:20:45]} Kf7 {[%clk 0:09:59]} 29.
Bd4 {[%clk 0:20:12]} Nc5 {[%clk 0:07:17]} 30. Kf1 {[%clk 0:16:29]} g5 {[%clk
0:06:08]} 31. Ke2 {[%clk 0:14:10]} h5 {[%clk 0:06:13]} 32. Rc1 {[%clk 0:12:32]}
g4 {[%clk 0:04:58]} 33. h3 {[%clk 0:11:55]} Bg5 {[%clk 0:03:45]} 34. Rh1 {[%clk
0:09:51]} g3 {[%clk 0:02:29]} 35. f3 {[%clk 0:08:06]} a4 {[%clk 0:02:21]} 36.
Rd1 {[%clk 0:07:41]} axb3 {[%clk 0:02:14]} 37. axb3 {[%clk 0:07:16]} h4 {[%clk
0:01:37]} 38. Ra1 {[%clk 0:06:28]} Bf4 {[%clk 0:01:13]} 39. Ra5 {[%clk
0:05:21]} Nd7 {[%clk 0:01:15]} 40. Kd3 {[%clk 0:03:52]} Nb8 {[%clk 0:01:04]}
41. Rb5 {[%clk 0:02:02]} Nc6 {[%clk 0:00:40]} 42. Bc3 {[%clk 0:27:58]} Rd7+
{[%clk 0:30:18]} 43. Kc2 {[%clk 0:27:32]} Nd4+ {[%clk 0:24:54]} 44. Bxd4 {[%clk
0:27:33]} Rxd4 {[%clk 0:25:15]} 45. Bd3 {[%clk 0:26:11]} Rd7 {[%clk 0:24:02]}
46. Rc5 {[%clk 0:22:08]} Ra7 {[%clk 0:22:27]} 47. Kb2 {[%clk 0:21:11]} Rd7
{[%clk 0:22:04]} 48. Kc2 {[%clk 0:21:22]} Ra7 {[%clk 0:22:15]} 49. Kb2 {[%clk
0:21:44]} Rd7 {[%clk 0:22:26]} 1/2-1/2

[Event "Deutsche Ländermeisterschaft 2021"]
[Site "Neumünster GER"]
[Date "2021.10.05"]
[Round "6"]
[White "Stasaitis, Paulina"]
[Black "Huang, Luca Hanson"]
[Result "1-0"]
[Termination "normal"]
[Board "6.8"]
[WhiteElo "1280"]
[BlackElo "1519"]
[WhiteClock "00:32:42"]
[BlackClock "00:15:19"]
[WhiteTeam "Württemberg"]
[BlackTeam "Rheinland-Pfalz"]
[PlyCount "81"]
[WhiteFideId "34606165"]
[BlackFideId "16279182"]
[EventCountry "GER"]
[EventRounds "7"]
[EventType "team-swiss"]
[EventDate "2021.10.01"]

1. d4 {[%clk 1:30:55]} Nf6 {[%clk 1:30:48]} 2. Bf4 {[%clk 1:31:12]} e6 {[%clk
1:30:58]} 3. e3 {[%clk 1:31:11]} c5 {[%clk 1:30:44]} 4. Nf3 {[%clk 1:30:23]}
Qb6 {[%clk 1:30:16]} 5. Nc3 {[%clk 1:30:09]} Qxb2 {[%clk 1:29:35]} 6. Nb5
{[%clk 1:30:21]} Qb4+ {[%clk 1:28:54]} 7. c3 {[%clk 1:29:49]} Qa5 {[%clk
1:23:21]} 8. Nc7+ {[%clk 1:24:54]} Kd8 {[%clk 1:23:08]} 9. Qb3 {[%clk 1:24:39]}
Ne4 {[%clk 1:16:53]} 10. Nxa8 {[%clk 1:17:40]} d6 {[%clk 1:12:57]} 11. Rc1
{[%clk 1:09:58]} Be7 {[%clk 0:55:09]} 12. Bd3 {[%clk 1:03:52]} Nf6 {[%clk
0:48:29]} 13. Ng5 {[%clk 0:54:39]} Rf8 {[%clk 0:44:07]} 14. Ne4 {[%clk
0:54:34]} Kd7 {[%clk 0:42:46]} 15. Qb5+ {[%clk 0:52:33]} Qxb5 {[%clk 0:38:35]}
16. Bxb5+ {[%clk 0:52:25]} Nc6 {[%clk 0:38:56]} 17. Nxf6+ {[%clk 0:52:02]} Bxf6
{[%clk 0:37:23]} 18. dxc5 {[%clk 0:49:41]} e5 {[%clk 0:36:43]} 19. Bg3 {[%clk
0:49:53]} d5 {[%clk 0:31:56]} 20. Rd1 {[%clk 0:48:24]} e4 {[%clk 0:27:27]} 21.
Rxd5+ {[%clk 0:47:58]} Ke7 {[%clk 0:27:21]} 22. Bd6+ {[%clk 0:47:52]} Ke6
{[%clk 0:26:21]} 23. Nc7+ {[%clk 0:47:02]} Kd7 {[%clk 0:26:42]} 24. Bxf8+
{[%clk 0:44:47]} Kxc7 {[%clk 0:26:59]} 25. Ke2 {[%clk 0:44:19]} Be6 {[%clk
0:26:48]} 26. Rdd1 {[%clk 0:42:26]} a6 {[%clk 0:26:39]} 27. Bd6+ {[%clk
0:42:39]} Kc8 {[%clk 0:26:45]} 28. Bxc6 {[%clk 0:42:31]} Bc4+ {[%clk 0:27:02]}
29. Kd2 {[%clk 0:42:22]} bxc6 {[%clk 0:27:05]} 30. Rb1 {[%clk 0:41:46]} Kd7
{[%clk 0:25:21]} 31. Rb7+ {[%clk 0:38:07]} Ke6 {[%clk 0:24:54]} 32. Rb6 {[%clk
0:37:39]} Bb5 {[%clk 0:24:40]} 33. c4 {[%clk 0:36:28]} Bxc4 {[%clk 0:24:20]}
34. Rxc6 {[%clk 0:36:35]} Kd5 {[%clk 0:24:02]} 35. Rc8 {[%clk 0:35:54]} Bxa2
{[%clk 0:23:30]} 36. Kc2 {[%clk 0:35:35]} Kc4 {[%clk 0:20:39]} 37. c6 {[%clk
0:33:49]} Bc3 {[%clk 0:20:31]} 38. Rb8 {[%clk 0:33:06]} Kd5 {[%clk 0:17:57]}
39. c7 {[%clk 0:33:03]} Bc4 {[%clk 0:15:21]} 40. c8=Q {[%clk 0:32:24]} Bd3+
{[%clk 0:15:19]} 41. Kxc3 {[%clk 0:32:42]} 1-0

[Event "Deutsche Ländermeisterschaft 2021"]
[Site "Neumünster GER"]
[Date "2021.10.05"]
[Round "6"]
[White "Roseneck, Jonas"]
[Black "Fromm, Marius"]
[Result "1/2-1/2"]
[Termination "normal"]
[Board "7.1"]
[WhiteTitle "FM"]
[BlackTitle "FM"]
[WhiteElo "2403"]
[BlackElo "2342"]
[WhiteClock "00:21:25"]
[BlackClock "00:08:56"]
[WhiteTeam "Sachsen-Anhalt"]
[BlackTeam "Mecklenburg-Vorpommern"]
[PlyCount "56"]
[WhiteFideId "12939870"]
[BlackFideId "12993190"]
[EventCountry "GER"]
[EventRounds "7"]
[EventType "team-swiss"]
[EventDate "2021.10.01"]

1. e4 {[%clk 1:30:58]} c5 {[%clk 1:30:59]} 2. Nc3 {[%clk 1:31:23]} d6 {[%clk
1:29:39]} 3. d4 {[%clk 1:31:44]} cxd4 {[%clk 1:30:05]} 4. Qxd4 {[%clk 1:32:11]}
Nc6 {[%clk 1:30:28]} 5. Qd2 {[%clk 1:32:20]} Nf6 {[%clk 1:30:39]} 6. b3 {[%clk
1:32:46]} e6 {[%clk 1:29:04]} 7. Bb2 {[%clk 1:33:11]} d5 {[%clk 1:29:30]} 8.
exd5 {[%clk 1:33:38]} exd5 {[%clk 1:29:54]} 9. O-O-O {[%clk 1:34:06]} Be6
{[%clk 1:30:17]} 10. Kb1 {[%clk 1:34:32]} Qa5 {[%clk 1:20:44]} 11. Nb5 {[%clk
1:35:01]} Qxd2 {[%clk 1:15:00]} 12. Rxd2 {[%clk 1:35:29]} Ne4 {[%clk 1:13:27]}
13. Re2 {[%clk 1:31:37]} O-O-O {[%clk 1:12:44]} 14. Nd4 {[%clk 1:19:15]} Nxd4
{[%clk 0:53:09]} 15. Bxd4 {[%clk 1:19:24]} Bc5 {[%clk 0:53:24]} 16. Bxc5 {[%clk
1:18:47]} Nxc5 {[%clk 0:53:50]} 17. f3 {[%clk 1:10:53]} d4 {[%clk 0:51:13]} 18.
Rd2 {[%clk 1:10:45]} Bf5 {[%clk 0:42:33]} 19. Kb2 {[%clk 1:10:22]} Rhe8 {[%clk
0:39:11]} 20. Ne2 {[%clk 1:01:22]} d3 {[%clk 0:25:11]} 21. Ng3 {[%clk 1:00:42]}
Bg6 {[%clk 0:25:28]} 22. f4 {[%clk 0:44:42]} Ne4 {[%clk 0:16:35]} 23. Nxe4
{[%clk 0:38:38]} Rxe4 {[%clk 0:16:58]} 24. g3 {[%clk 0:34:21]} Re3 {[%clk
0:13:14]} 25. cxd3 {[%clk 0:32:24]} Kc7 {[%clk 0:08:10]} 26. d4 {[%clk
0:26:29]} Be4 {[%clk 0:08:14]} 27. Bg2 {[%clk 0:20:56]} Bxg2 {[%clk 0:08:39]}
28. Rxg2 {[%clk 0:21:25]} Rxd4 {[%clk 0:08:56]} 1/2-1/2

[Event "Deutsche Ländermeisterschaft 2021"]
[Site "Neumünster GER"]
[Date "2021.10.05"]
[Round "6"]
[White "Großmann, Piet"]
[Black "Post, Hugo"]
[Result "1-0"]
[Termination "normal"]
[Board "7.2"]
[WhiteElo "1953"]
[BlackElo "2188"]
[WhiteClock "00:00:42"]
[BlackClock "00:05:28"]
[WhiteTeam "Mecklenburg-Vorpommern"]
[BlackTeam "Sachsen-Anhalt"]
[PlyCount "81"]
[WhiteFideId "16234359"]
[BlackFideId "12962490"]
[EventCountry "GER"]
[EventRounds "7"]
[EventType "team-swiss"]
[EventDate "2021.10.01"]

1. e4 {[%clk 1:30:54]} c5 {[%clk 1:30:56]} 2. Nf3 {[%clk 1:31:19]} d6 {[%clk
1:31:23]} 3. d4 {[%clk 1:31:41]} cxd4 {[%clk 1:31:49]} 4. Nxd4 {[%clk 1:32:07]}
Nf6 {[%clk 1:32:15]} 5. Nc3 {[%clk 1:32:33]} a6 {[%clk 1:32:40]} 6. Be3 {[%clk
1:32:59]} e5 {[%clk 1:33:05]} 7. Nb3 {[%clk 1:33:24]} Be6 {[%clk 1:33:30]} 8.
f3 {[%clk 1:33:50]} Be7 {[%clk 1:33:54]} 9. Qd2 {[%clk 1:34:14]} h5 {[%clk
1:34:20]} 10. Nd5 {[%clk 1:34:39]} Bxd5 {[%clk 1:34:43]} 11. exd5 {[%clk
1:35:03]} Nbd7 {[%clk 1:35:07]} 12. Be2 {[%clk 1:35:25]} Qc7 {[%clk 1:35:30]}
13. c4 {[%clk 1:35:33]} a5 {[%clk 1:35:51]} 14. O-O {[%clk 1:13:16]} O-O {[%clk
1:31:01]} 15. Rfd1 {[%clk 1:05:24]} a4 {[%clk 1:28:00]} 16. Nc1 {[%clk
1:05:48]} Nb6 {[%clk 1:24:56]} 17. Qb4 {[%clk 1:06:09]} Nfd7 {[%clk 1:23:38]}
18. Rb1 {[%clk 1:06:22]} f5 {[%clk 1:00:48]} 19. b3 {[%clk 1:05:30]} a3 {[%clk
1:00:32]} 20. Bf1 {[%clk 1:02:18]} Nc5 {[%clk 0:52:46]} 21. Ne2 {[%clk
0:50:26]} Nbd7 {[%clk 0:52:35]} 22. Nc3 {[%clk 0:47:21]} Qd8 {[%clk 0:48:49]}
23. Nb5 {[%clk 0:39:18]} h4 {[%clk 0:47:29]} 24. h3 {[%clk 0:29:51]} f4 {[%clk
0:40:41]} 25. Bxc5 Nxc5 {[%clk 0:40:06]} 26. Nc3 {[%clk 0:25:59]} e4 {[%clk
0:32:41]} 27. Nxe4 {[%clk 0:25:12]} Nxe4 {[%clk 0:33:03]} 28. fxe4 {[%clk
0:25:40]} f3 {[%clk 0:32:51]} 29. e5 {[%clk 0:21:30]} dxe5 {[%clk 0:32:00]} 30.
d6 {[%clk 0:21:51]} Bg5 {[%clk 0:31:50]} 31. Qxb7 {[%clk 0:21:22]} Be3+ {[%clk
0:24:46]} 32. Kh1 {[%clk 0:21:41]} Qg5 {[%clk 0:21:54]} 33. Rd3 {[%clk
0:11:18]} Qg3 {[%clk 0:17:28]} 34. Rxe3 {[%clk 0:09:44]} fxg2+ {[%clk 0:17:53]}
35. Bxg2 {[%clk 0:09:37]} Qxe3 {[%clk 0:18:14]} 36. Qe7 {[%clk 0:03:51]} Qd4
{[%clk 0:12:02]} 37. Bd5+ {[%clk 0:02:22]} Kh8 {[%clk 0:12:17]} 38. Rg1 {[%clk
0:02:13]} Rg8 {[%clk 0:07:03]} 39. Bxa8 {[%clk 0:01:34]} Qf4 {[%clk 0:05:53]}
40. Bd5 {[%clk 0:00:55]} g5 {[%clk 0:05:28]} 41. Qf7 {[%clk 0:00:42]} 1-0

[Event "Deutsche Ländermeisterschaft 2021"]
[Site "Neumünster GER"]
[Date "2021.10.05"]
[Round "6"]
[White "Haubold, Sebastian Marcel"]
[Black "Tovmasyan, Minas"]
[Result "1-0"]
[Termination "normal"]
[Board "7.3"]
[WhiteElo "1884"]
[BlackElo "1820"]
[WhiteClock "00:09:22"]
[BlackClock "00:05:01"]
[WhiteTeam "Sachsen-Anhalt"]
[BlackTeam "Mecklenburg-Vorpommern"]
[PlyCount "51"]
[WhiteFideId "16259637"]
[BlackFideId "16247620"]
[EventCountry "GER"]
[EventRounds "7"]
[EventType "team-swiss"]
[EventDate "2021.10.01"]

1. e4 {[%clk 1:30:58]} c5 {[%clk 1:30:51]} 2. Nf3 {[%clk 1:31:23]} e6 {[%clk
1:31:16]} 3. d4 {[%clk 1:31:49]} cxd4 {[%clk 1:31:40]} 4. Nxd4 {[%clk 1:32:12]}
a6 {[%clk 1:32:04]} 5. Nc3 {[%clk 1:32:36]} Qc7 {[%clk 1:32:27]} 6. Bd3 {[%clk
1:33:00]} Nf6 {[%clk 1:32:31]} 7. f4 {[%clk 1:33:11]} d6 {[%clk 1:32:49]} 8.
Qf3 {[%clk 1:33:32]} b5 {[%clk 1:17:57]} 9. g4 {[%clk 1:31:30]} Nc6 {[%clk
1:15:45]} 10. Nb3 {[%clk 1:05:02]} Bb7 {[%clk 1:14:46]} 11. g5 {[%clk 1:04:29]}
Nd7 {[%clk 1:14:58]} 12. Be3 {[%clk 0:56:40]} Be7 {[%clk 1:08:55]} 13. a3
{[%clk 0:51:05]} h6 {[%clk 0:56:16]} 14. Qh3 {[%clk 0:46:46]} O-O-O {[%clk
0:53:37]} 15. g6 {[%clk 0:46:15]} fxg6 {[%clk 0:29:55]} 16. Qxe6 {[%clk
0:42:48]} Bh4+ {[%clk 0:27:06]} 17. Kd2 {[%clk 0:43:06]} Ne7 {[%clk 0:22:28]}
18. Bxb5 {[%clk 0:39:20]} Rhe8 {[%clk 0:16:13]} 19. Bxd7+ {[%clk 0:17:55]} Qxd7
{[%clk 0:15:03]} 20. Nd4 {[%clk 0:16:32]} Nc6 {[%clk 0:12:08]} 21. Qxg6 {[%clk
0:13:47]} Ne5 {[%clk 0:10:27]} 22. fxe5 {[%clk 0:08:26]} dxe5 {[%clk 0:10:52]}
23. Nd5 {[%clk 0:08:30]} Bxd5 {[%clk 0:10:29]} 24. exd5 {[%clk 0:08:52]} exd4
{[%clk 0:07:17]} 25. Qxa6+ {[%clk 0:08:58]} Kb8 {[%clk 0:05:01]} 26. Bf4+
{[%clk 0:09:22]} 1-0

[Event "Deutsche Ländermeisterschaft 2021"]
[Site "Neumünster GER"]
[Date "2021.10.05"]
[Round "6"]
[White "Schott, Andy"]
[Black "Dietz, Kristin"]
[Result "1-0"]
[Termination "normal"]
[Board "7.4"]
[WhiteElo "1504"]
[BlackElo "1924"]
[WhiteClock "00:07:45"]
[BlackClock "00:55:08"]
[WhiteTeam "Mecklenburg-Vorpommern"]
[BlackTeam "Sachsen-Anhalt"]
[PlyCount "119"]
[WhiteFideId "16244940"]
[BlackFideId "12993743"]
[EventCountry "GER"]
[EventRounds "7"]
[EventType "team-swiss"]
[EventDate "2021.10.01"]

1. c4 {[%clk 1:30:57]} c5 {[%clk 1:30:55]} 2. g3 {[%clk 1:31:24]} Nf6 {[%clk
1:31:15]} 3. Bg2 {[%clk 1:31:52]} d5 {[%clk 1:31:32]} 4. cxd5 {[%clk 1:32:18]}
Nxd5 {[%clk 1:31:56]} 5. Nc3 {[%clk 1:32:42]} Nc7 {[%clk 1:32:20]} 6. Nf3
{[%clk 1:33:07]} Nc6 {[%clk 1:32:37]} 7. O-O {[%clk 1:33:28]} e5 {[%clk
1:32:49]} 8. d3 {[%clk 1:33:00]} Be7 {[%clk 1:33:00]} 9. Be3 {[%clk 1:32:47]}
Bd7 {[%clk 1:28:50]} 10. Qc2 {[%clk 1:25:53]} Nd4 {[%clk 1:26:37]} 11. Qd2
{[%clk 1:19:05]} f6 {[%clk 1:26:38]} 12. Rfc1 {[%clk 1:18:31]} O-O {[%clk
1:23:23]} 13. Bxd4 {[%clk 1:11:44]} cxd4 {[%clk 1:23:30]} 14. Ne4 {[%clk
1:12:06]} Ne6 {[%clk 1:18:16]} 15. b4 {[%clk 1:04:09]} Qb6 {[%clk 1:14:29]} 16.
Rab1 {[%clk 0:54:04]} Rac8 {[%clk 1:12:32]} 17. Nc5 {[%clk 0:52:16]} Bxc5
{[%clk 1:11:52]} 18. bxc5 {[%clk 0:52:38]} Qc7 {[%clk 1:12:03]} 19. Nh4 {[%clk
0:37:54]} Rb8 {[%clk 1:04:33]} 20. Qb4 {[%clk 0:31:55]} Kh8 {[%clk 1:00:27]}
21. Nf5 {[%clk 0:29:46]} Ng5 {[%clk 0:48:53]} 22. Nd6 {[%clk 0:24:31]} Bc6
{[%clk 0:46:42]} 23. Nb5 {[%clk 0:21:29]} Qd7 {[%clk 0:43:57]} 24. Nxa7 {[%clk
0:20:09]} Bxg2 {[%clk 0:44:15]} 25. Kxg2 {[%clk 0:20:36]} Qd5+ {[%clk 0:44:31]}
26. f3 {[%clk 0:20:27]} Qxa2 {[%clk 0:44:25]} 27. Qb2 {[%clk 0:17:20]} Qxb2
{[%clk 0:42:47]} 28. Rxb2 {[%clk 0:17:32]} Ne6 {[%clk 0:38:47]} 29. Rb6 {[%clk
0:14:15]} Rfe8 {[%clk 0:35:51]} 30. Nb5 {[%clk 0:13:14]} Nd8 {[%clk 0:30:11]}
31. Nd6 {[%clk 0:06:33]} Rf8 {[%clk 0:30:04]} 32. Rcb1 {[%clk 0:06:10]} Kg8
{[%clk 0:29:27]} 33. Nxb7 {[%clk 0:05:23]} Rxb7 {[%clk 0:29:49]} 34. Rxb7
{[%clk 0:05:49]} Nxb7 {[%clk 0:30:14]} 35. Rxb7 {[%clk 0:06:17]} Rc8 {[%clk
0:30:36]} 36. Rb5 {[%clk 0:06:11]} Rc7 {[%clk 0:30:29]} 37. f4 {[%clk 0:05:26]}
Kf7 {[%clk 0:30:13]} 38. fxe5 {[%clk 0:04:36]} fxe5 {[%clk 0:30:37]} 39. Kf3
{[%clk 0:04:54]} Ke6 {[%clk 0:29:45]} 40. Ke4 {[%clk 0:02:50]} Ra7 {[%clk
0:28:55]} 41. Rb6+ {[%clk 0:28:08]} Kd7 {[%clk 0:58:29]} 42. Kxe5 {[%clk
0:25:17]} Ra2 {[%clk 0:58:31]} 43. Kxd4 {[%clk 0:23:21]} Rxe2 {[%clk 0:57:57]}
44. h4 {[%clk 0:20:19]} Kc7 {[%clk 0:57:29]} 45. Kd5 {[%clk 0:17:16]} Re3
{[%clk 0:56:56]} 46. d4 {[%clk 0:17:31]} Rxg3 {[%clk 0:56:47]} 47. Rc6+ {[%clk
0:15:50]} Kd7 {[%clk 0:56:52]} 48. Rd6+ {[%clk 0:15:25]} Kc7 {[%clk 0:55:36]}
49. c6 {[%clk 0:14:44]} Rg4 {[%clk 0:54:14]} 50. Rd7+ {[%clk 0:11:08]} Kc8
{[%clk 0:54:37]} 51. Kc5 {[%clk 0:06:59]} Rxh4 {[%clk 0:53:36]} 52. Rxg7 {[%clk
0:07:13]} Rh1 {[%clk 0:53:44]} 53. d5 {[%clk 0:06:16]} Rh5 {[%clk 0:53:23]} 54.
Kb6 {[%clk 0:05:48]} Rxd5 {[%clk 0:53:05]} 55. Rg8+ {[%clk 0:06:04]} Rd8 {[%clk
0:53:31]} 56. Rxd8+ {[%clk 0:06:30]} Kxd8 {[%clk 0:53:57]} 57. Kb7 {[%clk
0:06:51]} Ke7 {[%clk 0:54:19]} 58. c7 {[%clk 0:07:14]} Kf6 {[%clk 0:54:44]} 59.
c8=Q {[%clk 0:07:38]} h5 {[%clk 0:55:08]} 60. Qh3 {[%clk 0:07:45]} 1-0

[Event "Deutsche Ländermeisterschaft 2021"]
[Site "Neumünster GER"]
[Date "2021.10.05"]
[Round "6"]
[White "Pikalow, Michael"]
[Black "Herrmann, Jakob"]
[Result "0-1"]
[Termination "normal"]
[Board "7.5"]
[WhiteElo "1906"]
[BlackElo "1538"]
[WhiteClock "00:00:37"]
[BlackClock "00:17:17"]
[WhiteTeam "Sachsen-Anhalt"]
[BlackTeam "Mecklenburg-Vorpommern"]
[PlyCount "120"]
[WhiteFideId "16227638"]
[BlackFideId "16287169"]
[EventCountry "GER"]
[EventRounds "7"]
[EventType "team-swiss"]
[EventDate "2021.10.01"]

1. e4 {[%clk 1:30:58]} c6 {[%clk 1:30:50]} 2. d4 {[%clk 1:31:24]} d5 {[%clk
1:31:15]} 3. e5 {[%clk 1:31:52]} Bf5 {[%clk 1:31:38]} 4. Nf3 {[%clk 1:32:21]}
e6 {[%clk 1:32:01]} 5. Be2 {[%clk 1:32:49]} Nd7 {[%clk 1:32:24]} 6. O-O {[%clk
1:33:10]} Ne7 {[%clk 1:32:22]} 7. Nbd2 {[%clk 1:33:31]} c5 {[%clk 1:31:52]} 8.
dxc5 {[%clk 1:25:38]} Nc6 {[%clk 1:28:59]} 9. c4 {[%clk 1:10:55]} Ndxe5 {[%clk
1:19:52]} 10. Nxe5 {[%clk 1:06:41]} Nxe5 {[%clk 1:20:08]} 11. cxd5 {[%clk
1:06:59]} Qxd5 {[%clk 1:19:31]} 12. Qa4+ {[%clk 1:07:17]} Nc6 {[%clk 1:16:52]}
13. Nb3 {[%clk 1:03:47]} Bc2 {[%clk 1:07:51]} 14. Be3 {[%clk 0:56:05]} Be7
{[%clk 0:57:14]} 15. Bf3 {[%clk 0:52:41]} Qd7 {[%clk 0:52:31]} 16. Rac1 {[%clk
0:51:54]} Bxb3 {[%clk 0:51:26]} 17. Qxb3 {[%clk 0:52:05]} O-O {[%clk 0:51:25]}
18. Rfd1 {[%clk 0:51:44]} Qc7 {[%clk 0:51:40]} 19. Qb5 {[%clk 0:50:21]} Rfd8
{[%clk 0:48:40]} 20. b4 {[%clk 0:27:51]} a5 {[%clk 0:39:43]} 21. Rxd8+ {[%clk
0:24:24]} Rxd8 {[%clk 0:34:43]} 22. bxa5 {[%clk 0:11:47]} Nxa5 {[%clk 0:24:52]}
23. c6 {[%clk 0:10:07]} Nxc6 {[%clk 0:18:10]} 24. Bb6 {[%clk 0:07:53]} Qf4
{[%clk 0:17:58]} 25. Rc4 {[%clk 0:06:58]} Qd2 {[%clk 0:17:36]} 26. g3 {[%clk
0:04:47]} Ra8 {[%clk 0:13:14]} 27. a4 {[%clk 0:04:13]} Qd7 {[%clk 0:09:32]} 28.
a5 {[%clk 0:03:30]} Bd8 {[%clk 0:06:14]} 29. a6 {[%clk 0:02:11]} Bxb6 {[%clk
0:05:50]} 30. Qxb6 {[%clk 0:02:28]} Rxa6 {[%clk 0:06:07]} 31. Qb2 {[%clk
0:01:42]} h6 {[%clk 0:04:46]} 32. Rg4 {[%clk 0:01:49]} e5 {[%clk 0:04:17]} 33.
Rc4 {[%clk 0:01:19]} Qd3 {[%clk 0:03:41]} 34. Rc3 {[%clk 0:01:17]} Qd4 {[%clk
0:04:04]} 35. Qc2 {[%clk 0:01:11]} Qd6 {[%clk 0:02:47]} 36. Rd3 {[%clk
0:01:10]} Qe7 {[%clk 0:02:35]} 37. Be4 {[%clk 0:00:55]} g6 {[%clk 0:02:26]} 38.
Qb3 {[%clk 0:00:57]} Kg7 {[%clk 0:02:38]} 39. h4 {[%clk 0:01:01]} Ra1+ {[%clk
0:01:41]} 40. Kg2 {[%clk 0:01:25]} Re1 {[%clk 0:01:42]} 41. Re3 {[%clk
0:29:30]} Rxe3 {[%clk 0:30:35]} 42. Qxe3 {[%clk 0:29:57]} Nd4 {[%clk 0:28:42]}
43. h5 {[%clk 0:26:40]} b5 {[%clk 0:25:14]} 44. hxg6 fxg6 {[%clk 0:25:31]} 45.
Qd3 {[%clk 0:24:24]} Qd6 {[%clk 0:24:21]} 46. Qc3 {[%clk 0:20:25]} Nf5 {[%clk
0:20:18]} 47. g4 {[%clk 0:16:29]} Ne7 {[%clk 0:19:53]} 48. f4 {[%clk 0:16:28]}
Qd4 {[%clk 0:18:55]} 49. Qxd4 {[%clk 0:15:46]} exd4 {[%clk 0:19:23]} 50. Kf2
{[%clk 0:16:14]} Kf6 {[%clk 0:18:58]} 51. Ke2 {[%clk 0:16:31]} g5 {[%clk
0:18:50]} 52. Kd3 {[%clk 0:10:07]} gxf4 {[%clk 0:18:35]} 53. Kxd4 {[%clk
0:04:51]} Kg5 {[%clk 0:18:39]} 54. Bf3 {[%clk 0:02:34]} Ng8 {[%clk 0:18:52]}
55. Kc5 {[%clk 0:01:53]} Nf6 {[%clk 0:19:09]} 56. Kxb5 {[%clk 0:02:16]} Nxg4
{[%clk 0:19:33]} 57. Kc4 {[%clk 0:02:39]} Nf2 {[%clk 0:18:37]} 58. Kc3 {[%clk
0:01:48]} Kh4 {[%clk 0:17:57]} 59. Kd4 {[%clk 0:02:06]} Kg3 {[%clk 0:17:41]}
60. Bh5 {[%clk 0:00:37]} f3 {[%clk 0:17:17]} 0-1